Citizenship in India ; (Record no. 104629)

MARC details
000 -LEADER
fixed length control field 00597nam a22001937a 4500
010 ## - LCCN (DPL NO)
LC control number ENG-116550
020 ## - INTERNATIONAL STANDARD BOOK NUMBER
International Standard Book Number 019946796
Terms of availability 295.00
020 ## - INTERNATIONAL STANDARD BOOK NUMBER
International Standard Book Number 9780199467969
Terms of availability 295.00
035 ## - SYSTEM CONTROL NUMBER
System control number EN-100082
037 ## - SOURCE OF ACQUISITION
Source of stock number/acquisition DBAD/PUB
082 ## - DEWEY DECIMAL CLASSIFICATION NUMBER
Classification number 323.60954
100 ## - MAIN ENTRY--PERSONAL NAME
Personal name Roy, Anupama
245 ## - TITLE STATEMENT
Title Citizenship in India ;
Statement of responsibility, etc by Anupama Roy
260 ## - PUBLICATION, DISTRIBUTION, ETC. (IMPRINT)
Place of publication, distribution, etc New Delhi
Name of publisher, distributor, etc Oxford university press
Date of publication, distribution, etc 2016
270 ## - ADDRESS
Address YMCA Library Building,1 jaisingh road
City New Delhi
Postal code 110001
300 ## - PHYSICAL DESCRIPTION
Extent xxix,218p.
Dimensions 18cm (pbk)
500 ## - GENERAL NOTE
General note Includes references and index.
942 ## - ADDED ENTRY ELEMENTS (KOHA)
Source of classification or shelving scheme Dewey Decimal Classification
Item type English Books
Classification part 323.60954
Call number suffix ROY
Holdings
Withdrawn status Lost status Not for loan Collection code Home library Current library Date acquired Source of acquisition Cost, normal purchase price Full call number Barcode Copy number Cost, replacement price Koha item type
      Non-fiction Shahdara Branch Shahdara Branch 15/11/2016 DBAD/PUB. 295.00 323.60954 ROY EN-100082 1 295.00 English Books

© Delhi Public Library
Hit Counter
free hit counter